| 000 | 00709cac a22002291u 4500 | ||
|---|---|---|---|
| 090 | _c9955 | ||
| 008 | 081102t1989 xxu||||| |||| 00| 0 eng d | ||
| 010 | _a88037229 | ||
| 020 | _a0674824253 (alk. paper) | ||
| 020 | _a0674824261 (pbk.) | ||
| 082 | 0 | 0 |
_a126 _bTAY |
| 100 | _aTaylor, Charles, | ||
| 245 | 1 | 0 |
_aSources of the self : _bthe making of the modern identity / _cCharles Taylor. |
| 260 |
_aCambridge, Mass. : _bHarvard University Press, _c1989. |
||
| 300 |
_axii, 601 p. ; _c25 cm. |
||
| 500 | _aIncludes index. | ||
| 504 | _aBibliography: p. 523-593. | ||
| 650 | 0 | _aSelf (Philosophy) | |
| 650 | 0 |
_aPhilosophical anthropology. _9755 |
|
| 650 | 0 | _aEthics. | |
| 942 |
_cBB _k126TAY _2ddc |
||
| 999 |
_c9955 _d9955 |
||